Normal view
MARC view
- Kite N & Kay F
Entry Personal Name
001 - CONTROL NUMBER
- control field: 215148
003 - CONTROL NUMBER IDENTIFIER
- control field: OSt
005 - DATE AND TIME OF LATEST TRANSACTION
- control field: 20251120141841.0
008 - FIXED-LENGTH DATA ELEMENTS
- fixed length control field: 251120|| aca||aabn | a|a d
040 ## - CATALOGING SOURCE
- Original cataloging agency: OSt
- Transcribing agency: OSt
100 ## - HEADING--PERSONAL NAME
- Personal name: Kite N & Kay F
670 ## - SOURCE DATA FOUND
- Source citation: Work cat.: (OSt)91029: Kite N 215147, Understanding NLP, 2012